| 000 | 01242nam a2200325 i 4500 | ||
|---|---|---|---|
| 003 | EG-GICUC | ||
| 005 | 20260121101453.0 | ||
| 008 | 251213s2000 ua ||||fr|||| 00| 0 ara d | ||
| 017 | _a٢٠٠٠/٤٤٨٤ | ||
| 020 | _a977-312-030-9 | ||
| 040 |
_a EG-GICUC _bara _c EG-GICUC _d EG-GICUC _erda |
||
| 041 | 0 | _aara | |
| 082 | 0 | 4 |
_221 _a345.3 _bم ح . خ |
| 092 | 0 | 4 | _221 |
| 099 | _aLaw1 07 345.3 م ح . خ 2000 | ||
| 100 | 0 |
_aمحمد عبد الواحد الجميلي _eمؤلف. |
|
| 245 | 1 | 2 |
_aالخبرة العلمية والعملية الزائدة / _cالدكتور محمد عبد الواحد الجميلي. |
| 264 | 1 |
_aالقاهرة : _bدار النهضة العربية، _c2000. |
|
| 300 |
_a212 ؛صفحة _c24 سم. |
||
| 336 |
_2rda content _atext |
||
| 337 |
_2rda media _aComputer |
||
| 338 |
_2rda carrier _aOnline Resource |
||
| 504 | _aيشتمل على إرجاعات ببليوجرافية. | ||
| 546 | _aالنص أغلبه باللغة العربية مع بعض النصوص الفرنسية | ||
| 650 | 1 | 4 | _aالنشاط الإداري |
| 650 | 1 | 4 | _aالقانون الإداري |
| 856 | 4 | 0 | _uhttps://fll.law.cu.edu.eg/fulltext/bks/B07-01411.pdf |
| 905 |
_a32 _eYara |
||
| 942 |
_2ddc _cBK _e21 _n0 |
||
| 999 |
_c49910 _d49910 |
||